[Event "Michigan Class B"]
[Site "Auburn Hills"]
[Date "2005.01.16"]
[Round "5.7"]
[White "Swan, Heather"]
[Black "Hamilton, Shawn"]
[Result "1/2-1/2"]
[WhiteElo "1607"]
[BlackElo "1641"]
[PlyCount "69"]
[EventDate "2005.01.15"]
[EventType "swiss"]
[EventRounds "5"]
[EventCountry "USA"]
[SourceTitle "EXT 2006"]
[Source "ChessBase"]
[SourceDate "2005.11.24"]
[SourceVersion "1"]
[SourceVersionDate "2005.11.24"]
[SourceQuality "1"]

1. c4 Nf6 2. Nc3 e6 3. Nf3 c6 4. d4 d5 5. e3 Bb4 6. Bd2 0-0 7. Na4 Qa5 8. Nc3 Re8 9. Nb1 Nbd7 10. Bxb4 Qxb4+ 11. Qd2 Qxd2+ 12. Nbxd2 e5 13. Nxe5 Nxe5 14. dxe5 Rxe5 15. Nf3 Re7 16. Bd3 Bg4 17. 0-0-0 dxc4 18. Bxc4 Be6 19. Bxe6 Rxe6 20. Rhe1 Kf8 21. Nd4 Re5 22. Rd2 g6 23. f3 Ke8 24. e4 Rd8 25. Red1 Rc5+ 26. Rc2 Rxc2+ 27. Nxc2 Rxd1+ 28. Kxd1 c5 29. Kd2 Kd7 30. Kd3 b5 31. Ke3 Ke6 32. h3 Nd7 33. f4 Nb6 34. b3 f5 35. g4 1/2-1/2

[Event "Michigan Class B"]
[Site "Auburn Hills"]
[Date "2005.01.15"]
[Round "1.7"]
[White "Swan, Heather"]
[Black "Hershberger, Kent"]
[Result "1-0"]
[WhiteElo "1607"]
[BlackElo "1743"]
[PlyCount "111"]
[EventDate "2005.01.15"]
[EventType "swiss"]
[EventRounds "5"]
[EventCountry "USA"]
[SourceTitle "EXT 2006"]
[Source "ChessBase"]
[SourceDate "2005.11.24"]
[SourceVersion "1"]
[SourceVersionDate "2005.11.24"]
[SourceQuality "1"]

1. c4 e5 2. Nc3 Nf6 3. Nf3 d6 4. g3 Be7 5. Bg2 0-0 6. 0-0 Nc6 7. d3 Bg4 8. Ne1 Nd7 9. Nc2 f5 10. Ne3 Bh5 11. Bd5+ Bf7 12. Nxf5 Bxd5 13. Nxe7+ Nxe7 14. Nxd5 Nxd5 15. cxd5 Qf6 16. e4 Rf7 17. Be3 Raf8 18. Rc1 Nb6 19. b4 Qg6 20. a4 h5 21. h4 Rf3 22. Bg5 Qf7 23. a5 Nc8 24. Qc2 Qd7 25. Kg2 R8f7 26. Rce1 Qb5 27. Qc4 Qxc4 28. dxc4 Rc3 29. Rc1 Rff3 30. Be3 Rxc1 31. Rxc1 Rf7 32. c5 a6 33. f3 dxc5 34. bxc5 Rf6 35. Rb1 Na7 36. Rxb7 Nb5 37. Rb8+ Rf8 38. Rxf8+ Kxf8 39. f4 exf4 40. gxf4 Ke7 41. e5 g6 42. Kf3 Nc3 43. d6+ cxd6 44. cxd6+ Ke6 45. Bd2 Nb5 46. Ke4 Na7 47. Be3 Nb5 48. Bd2 Na7 49. Kd4 Nc8 50. Kc5 Kd7 51. Kd5 Na7 52. e6+ Kd8 53. Be3 Nb5 54. Bb6+ Ke8 55. d7+ Ke7 56. d8Q# 1-0

[Event "Michigan Action"]
[Site "Warren"]
[Date "2004.12.11"]
[Round "5"]
[White "Swan, Heather"]
[Black "Smith, Les Leroy"]
[Result "1/2-1/2"]
[WhiteElo "1607"]
[BlackElo "1800"]
[PlyCount "88"]
[EventDate "2004.12.11"]
[EventType "swiss"]
[EventRounds "5"]
[EventCountry "USA"]
[SourceTitle "EXT 2007"]
[Source "ChessBase"]
[SourceDate "2006.11.23"]
[SourceVersion "1"]
[SourceVersionDate "2006.11.23"]
[SourceQuality "1"]

1. c4 f5 2. Nc3 e6 3. d4 Nf6 4. g3 d5 5. cxd5 exd5 6. Bg2 c6 7. Nf3 Bd6 8. Bg5 0-0 9. Qc2 Qe8 10. Bxf6 Rxf6 11. e3 Na6 12. 0-0-0 Nb4 13. Qd2 a5 14. a3 Na6 15. Na4 Bc7 16. Qc2 Qe7 17. Kb1 f4 18. Ka1 fxe3 19. fxe3 Bf5 20. Qd2 b5 21. Nc5 Nxc5 22. dxc5 Qxc5 23. Nd4 Bg6 24. Rc1 Qb6 25. Rxc6 Rxc6 26. Nxc6 Be4 27. Bxe4 dxe4 28. Qd5+ Kh8 29. Qxe4 Rf8 30. Qe7 Rg8 31. Nd4 Bd6 32. Qd7 b4 33. a4 Be5 34. Rc1 Bxd4 35. exd4 b3 36. Rc8 h6 37. Rxg8+ Kxg8 38. Qc8+ Kh7 39. Qf5+ Kg8 40. Qb5 Qe6 41. Qb8+ Kh7 42. Qe5 Qc4 43. Qe4+ Kh8 44. Qe8+ Kh7 1/2-1/2

[Event "Michigan op (Women)"]
[Site "Warren"]
[Date "2004.11.20"]
[Round "4"]
[White "Swan, Heather"]
[Black "Tabak, Alla"]
[Result "0-1"]
[WhiteElo "1607"]
[BlackElo "1487"]
[PlyCount "67"]
[EventDate "2004.11.20"]
[EventType "swiss"]
[EventRounds "5"]
[EventCountry "USA"]
[SourceTitle "EXT 2007"]
[Source "ChessBase"]
[SourceDate "2006.11.23"]
[SourceVersion "1"]
[SourceVersionDate "2006.11.23"]
[SourceQuality "1"]

1. c4 f5 2. Nc3 Nf6 3. Nf3 d6 4. d4 g6 5. e3 Bg7 6. Bd3 0-0 7. 0-0 Nc6 8. a3 e5 9. d5 Ne7 10. e4 f4 11. Bd2 h6 12. c5 g5 13. cxd6 cxd6 14. Rc1 a6 15. Qc2 Bg4 16. Be2 Rc8 17. Qd3 Qd7 18. Ne1 Bxe2 19. Qxe2 g4 20. f3 h5 21. Nd3 Ng6 22. Na2 Nh8 23. Rxc8 Rxc8 24. Rc1 Nf7 25. Rxc8+ Qxc8 26. Ba5 Ng5 27. Bb4 gxf3 28. gxf3 Qc4 29. Nac1 Qd4+ 30. Kg2 Nfxe4 31. h4 Ng3 32. Qc2 Nf7 33. Qc8+ Bf8 34. Qe6 0-1